00925nam a2200241Ia 450000500170000000800410001702000180005808200180007610000330009424501060012725000190023330000430025249000320029565000430032794200120037026400320038233600270041433700330044133800280047404000350050299900150053795201310055220220317000946.0160825s2007 ck a g 000 0 spa  a978958704501204a322.42 bM64t1 aMolano Bravo, Alfredod1944-10aTrochas y fusilesbhistorias de combatientescAlfredo Molano ; prólogo de William Ramírez Tobón a1a. edición  a210 páginas bilustraciones c23 cm  aPunto de Lecturapnarrativa142LEMBaGuerrillasxHistoria zColombia  2ddccBK aBogotábEl Áncorac2007 atextobtxt2rdacontent asin mediaciónbn2rdamedia avolumenbnc2rdacarrier aCO-BoRNBPbspaerdacCO-BoRNBP c5519d5519 00102ddc40708GENaMEMACAREbMEMACAREcGENd2025-07-18l0o322.42 M64tpLM02577r2025-07-18 09:42:19tEj.1w2025-07-18yBK